Spoločnosť BMZ znižuje závislosť na svojom jedinom odberateľovi Stratégia

Bibliographic Details
Main Author: Dubivská, Daniela, 1966- (Author)
Corporate Author: Bansko-montážny závod (Spišská Nová Ves, Slovensko) (Author)
Format: Article
Language:Slovak
PhysicalDescription:1 foto
ISSN:1335-759X
Subjects:

MARC

LEADER 00000nab a2200000 a 4500
001 vtls001016176
003 SK-MaSNL
005 20260303042827.0
008 040720e20000311xo 0 slo
035 |a SN2126 
040 |a SNSK  |b slo  |c SNSK  |e AACR2 
041 0 |a slo 
044 |a xo  |c SK 
080 |a 622  |2 1981 
080 |a 621.757  |2 1981 
100 1 |a Dubivská, Daniela,  |d 1966-  |4 aut  |9 155615 
245 1 0 |a Spoločnosť BMZ znižuje závislosť na svojom jedinom odberateľovi  |b Stratégia 
300 |b 1 foto 
610 2 7 |a Bansko-montážny závod (Spišská Nová Ves, Slovensko)  |2 SNSK  |9 1020574 
650 0 7 |a výroba  |2 SNSK  |9 15916 
650 0 7 |a informácie  |2 SNSK  |9 1285 
651 7 |a Spišská Nová Ves (Slovensko)  |2 SNSK  |9 28800 
651 7 |a SN,  |2 SNSK  |9 1021277 
655 7 |a periodikum  |2 snkbucl  |9 29553 
710 2 |a Bansko-montážny závod (Spišská Nová Ves, Slovensko)   |4 aut  |9 84215 
773 0 8 |t Spišský denník  |g Roč. 2, č.59, 11.3.2000, s. 8  |x 1335-759X 
852 |a ZVYKNI  |b KIS3GCP 
999 |c 1694008  |d 1695938